000 00374nam a2200133Ia 4500
005 20260328104326.0
008 260328s9999||||xx |||||||||||||| ||und||
100 _aGengli, Lin
245 0 _aReduction monochrome Materiality obvious Structures Industrial production /
_cLin Gengli
260 _bSendPoints
300 _a223 p.
650 _aDISEÑO INDUSTRIAL
942 _cBK
999 _c11532
_d11532